000 00687nam a2200229Ia 4500
003 0100
008 130303s9999 xx 000 0 und d
020 _a802838286
040 _cARRUPELIB
050 _aLC383.B87 1998
100 _aBurtchaell, James Tunstead
245 4 _aThe dying of the light
245 _bthe disengagement of colleges and universities from their christian churches
260 _aGrand Rapids
260 _bW. B. Eerdmans
260 _C1998
300 _axx
300 _b 868 p. 24 cm
650 _b1Culture 2 Criticism 3 Communism and culture 4Semiotics-social aspects 5Sociology- methodology
700 _aJames Tunstead Burtchaell
942 0 0 _01
999 _c11351
_d11351